Heat and thermodynamics (Record no. 15981)

000 -LEADER
fixed length control field 00471nam a22001937a 4500
001 - CONTROL NUMBER
control field 15981
003 - CONTROL NUMBER IDENTIFIER
control field BD-DhUET
008 - FIXED-LENGTH DATA ELEMENTS--GENERAL INFORMATION
fixed length control field 150316b xxu||||| |||| 00| 0 eng d
040 ## - CATALOGING SOURCE
Original cataloging agency DLC
Transcribing agency DLC
Modifying agency BD-DhUET
082 ## - DEWEY DECIMAL CLASSIFICATION NUMBER
Classification number 536
Item number ROB/1962
100 ## - MAIN ENTRY--PERSONAL NAME
Personal name Roberts, J. K.
245 ## - TITLE STATEMENT
Title Heat and thermodynamics
250 ## - EDITION STATEMENT
Edition statement 5th ed.
260 ## - PUBLICATION, DISTRIBUTION, ETC. (IMPRINT)
Place of publication, distribution, etc. London
Name of publisher, distributor, etc. Blackie and Son
Date of publication, distribution, etc. 1962
300 ## - PHYSICAL DESCRIPTION
Extent xx, 619p.
650 #0 - SUBJECT ADDED ENTRY--TOPICAL TERM
Topical term or geographic name as entry element Heat and thermodynamics
700 ## - ADDED ENTRY--PERSONAL NAME
Personal name Miller, A. R.
942 ## - ADDED ENTRY ELEMENTS (KOHA)
Koha item type General Book
Holdings
Location (home branch) Date acquired Source of classification or shelving scheme Koha normalized classification for sorting Piece designation (barcode) Sublocation or collection (holding branch) Koha date last seen Lost status Not for loan Damaged status Koha item type Shelving location Price effective from Withdrawn status Koha full call number Copy number
Central Library, BUET2015-03-16 536_000000000000000_ROR_196220813Central Library, BUET2015-03-16   General BookCirculation section2015-03-16 536/ROR/19621
Central Library, BUET2015-03-21 536_000000000000000_ROR_19621613Central Library, BUET2015-03-21   General BookCirculation section2015-03-21 536/ROR/19622
Central Library, BUET2015-03-21 536_000000000000000_ROB_196213456Central Library, BUET2017-07-16   General BookCirculation section2015-03-21 536/ROB/19623
Central Library, BUET2015-03-21 536_000000000000000_ROB_196213457Central Library, BUET2015-03-21   General BookCirculation section2015-03-21 536/ROB/19624